[Event "FRA-ch op-B"]
[Site "Nimes"]
[Date "2018.08.18"]
[Round "1"]
[White "Muzzarelli, Hogan"]
[Black "Lebugle, Philippe"]
[Result "0-1"]
[WhiteElo "1860"]
[BlackElo "1967"]
[PlyCount "112"]
[EventDate "2018.08.18"]
[EventType "swiss"]
[EventRounds "9"]
[EventCountry "FRA"]
[SourceTitle "CBM 186 Extra"]
[Source "ChessBase"]
[SourceDate "2018.08.24"]
[SourceVersion "1"]
[SourceVersionDate "2018.08.24"]
[SourceQuality "1"]

1. d4 d5 2. c4 e6 3. Nc3 f5 4. Nf3 Nf6 5. Bf4 c6 6. e3 Be7 7. c5 0-0 8. Be2 Nbd7 9. Ng5 Nb8 10. Nf3 Re8 11. 0-0 Nbd7 12. Qc2 Nf8 13. Ne5 N6d7 14. h3 Bf6 15. b4 Nxe5 16. Bxe5 Be7 17. Qa4 Bd7 18. Rab1 Ng6 19. f4 Nxe5 20. dxe5 a5 21. Kf2 b5 22. Qb3 axb4 23. Qxb4 Qa5 24. Qxa5 Rxa5 25. a4 Bxc5 26. axb5 d4 27. bxc6 Bxc6 28. Nd1 Be4 29. Rb3 Rd8 30. exd4 Bxd4+ 31. Kg3 Bc2 32. Rb7 Be4 33. Re7 Bd5 34. Nf2 Ra2 35. Bb5 Kf8 36. Rc7 Rb8 37. Bc4 Bxc4 38. Rxc4 Rb3+ 39. Kh2 Bxf2 40. Rc8+ Kf7 41. Rd1 Bg3+ 42. Kg1 Rbb2 43. Kf1 Rf2+ 44. Kg1 Rxg2+ 45. Kh1 Rh2+ 46. Kg1 Rag2+ 47. Kf1 Rd2 48. Rxd2 Rxd2 49. Rc7+ Kf8 50. Rc8+ Ke7 51. Rh8 h6 52. Rg8 Kf7 53. Rc8 Bxf4 54. Rc7+ Kf8 55. Rc8+ Ke7 56. Rg8 Bxe5 0-1

[Event "Portoroz op 11th"]
[Site "Portoroz"]
[Date "2017.07.22"]
[Round "1"]
[White "Muzzarelli, Hogan"]
[Black "Pecnik, Leo"]
[Result "0-1"]
[WhiteElo "1805"]
[BlackElo "2344"]
[PlyCount "46"]
[EventDate "2017.07.22"]
[EventType "swiss"]
[EventRounds "9"]
[EventCountry "SLO"]
[SourceTitle "EXT 2018"]
[Source "ChessBase"]
[SourceDate "2017.10.13"]
[SourceVersion "1"]
[SourceVersionDate "2017.10.13"]
[SourceQuality "1"]

1. d4 Nf6 2. c4 e5 3. dxe5 Ne4 4. a3 d6 5. Nf3 Nc6 6. e3 Bg4 7. Be2 dxe5 8. 0-0 Qxd1 9. Rxd1 Nc5 10. Nbd2 a5 11. Rb1 Bf5 12. e4 Nxe4 13. Nxe4 Bxe4 14. Ra1 Bc5 15. Bd2 0-0-0 16. Ng5 Bg6 17. Bf3 Bd4 18. Ra2 b6 19. Ne4 f5 20. Ng3 e4 21. Bh5 Bxh5 22. Nxh5 g5 23. Ng3 e3 0-1